000 00869nam a2200145Ia 4500
001 20932
003 GE_BSU
008 181216s||||||||xx |||||||||||||| ||und||
040 _cGE_BSU
245 _aსაქართველოს სისხლის სამართლის საპროცესო კოდექსი:გამოცემულია 2017 წლის 13თებერვლის მდგომარეობით.
245 _bანბანურ-საგნობრივი საძიებლით.
653 _aსამართალი
653 _aსაქართველოს სისხლის სამართლის საპროცესო კოდექსი:გამოცემულია 2017 წლის 13თებერვლის მდგომარეობით.
942 _cBK
999 _c53881
_d53881